[Event "Challenge"]
[Site "http://www.queenalice.com/game.php?id=676286"]
[Date "2009.11.2"]
[Round "-"]
[White "mbake5"]
[Black "Conde7"]
[Result "0-1"]
[WhiteElo "2735"]
[BlackElo "2691"]

1. e4 c5 2. Nf3 Nc6 3. d4 cxd4 4. Nxd4 Nf6 5. Nc3 e5 6. Ndb5 d6 7. Bg5 a6 8. Na3
b5 9. Nd5 Be7 10. Bxf6 Bxf6 11. c4 b4 12. Nc2 a5 13. Qf3 Bg5 14. h4 Be7 15. g3
Be6 16. Qd3 Rb8 17. Rd1 Qd7 18. b3 Bd8 19. Nde3 O-O 20. Qxd6 Qb7 21. Qd3 Bb6 22.
Nd5 Bc5 23. Rd2 Ra8 24. Bg2 a4 25. O-O axb3 26. axb3 h6 27. Kh2 Rfd8 28. f4 exf4
29. gxf4 Ra2 30. e5 Qc8 31. Be4 Kh8 32. Qg3 Bf5 33. Rg2 Rg8 34. Qd3 Be6 35. Rd1
Rb2 36. Nce3 Rxg2+ 37. Nxg2 Qb8 38. Qg3 Nd4 39. Rd3 Qa7 40. Qe1 Rc8 41. Nxb4 Rb8
42. Nc6 Nxc6 43. Bxc6 Qa3 44. Qd1 Bf5 45. Rd8+ Rxd8 46. Qxd8+ Kh7 47. Qd5 Qa7
48. Qd1 Kg8 49. Bf3 Qa2 50. Bd5 Qa7 51. h5 Qa3 52. Qf3 Qb4 53. e6 fxe6 54. Be4
Bxe4 55. Qxe4 Qb6 56. Nh4 Qa6 57. Kh3 Qb6 58. Nf3 Qxb3 59. Qxe6+ Kh7 60. Kg4 Bb4
61. Qe4+ Kh8 62. Ne5 Qd1+ 63. Qf3 Qb1 64. Qd5 Qa2 65. Kf5 Kh7 66. Nd3 Bf8 67.
Qe4 Qh2 68. Ke6+ Kg8 69. Qd5 Qh3+ 70. Ke5+ Kh8 0-1

[Event "Challenge"]
[Site "http://www.queenalice.com/game.php?id=676287"]
[Date "2009.11.2"]
[Round "-"]
[White "mbake5"]
[Black "Conde7"]
[Result "1-0"]
[WhiteElo "2756"]
[BlackElo "2741"]

1. e4 c5 2. Nf3 d6 3. d4 cxd4 4. Nxd4 Nf6 5. Nc3 g6 6. Be3 Bg7 7. f3 Nc6 8. Qd2
O-O 9. O-O-O d5 10. Kb1 Nxd4 11. e5 Nc6 12. exf6 exf6 13. Nxd5 Be6 14. Bb5 Bxd5
15. Qxd5 Qxd5 16. Rxd5 Rfe8 17. Re1 Bh6 18. Bf2 a6 19. Bxc6 bxc6 20. Rd7 Rxe1+
21. Bxe1 Bf4 22. g3 Re8 23. Bc3 Be5 24. Bxe5 Rxe5 25. a4 Ra5 26. b3 Kg7 27. Ra7
g5 28. Kb2 h5 29. Rc7 Rf5 30. Rxc6 a5 31. Rc3 Rd5 32. Rd3 Re5 33. b4 axb4 34.
Kb3 Rc5 35. Rd2 Rc3+ 36. Kxb4 Rxf3 37. a5 Rf1 38. a6 Rb1+ 39. Kc5 Ra1 40. Kb6
1-0

[Event "Challenge"]
[Site "http://www.queenalice.com/game.php?id=708643"]
[Date "2010.1.5"]
[Round "-"]
[White "m"]
[Black "mbake5"]
[Result "0-1"]
[WhiteElo "2058"]
[BlackElo "2763"]

1. d4 Nf6 2. c4 e6 3. Nf3 d5 4. e3 c6 5. Nc3 Nbd7 6. Bd3 dxc4 7. Bxc4 b5 8. Bd3
a6 9. O-O c5 10. a3 Bb7 11. dxc5 Nxc5 12. Be2 Qc7 13. b4 Rd8 14. Qe1 Ng4 15. h3
h5 16. g3 Nd3 17. Bxd3 Rxd3 18. hxg4 Bxf3 19. Bb2 hxg4 0-1

[Event "Challenge"]
[Site "http://www.queenalice.com/game.php?id=708644"]
[Date "2010.1.5"]
[Round "-"]
[White "mbake5"]
[Black "m"]
[Result "0-1"]
[WhiteElo "2664"]
[BlackElo "1934"]

1. e4 c5 2. Nf3 d6 3. d4 cxd4 4. Nxd4 Nf6 5. Nc3 a6 6. Be3 e5 7. Nb3 Be6 8. f3
Be7 9. Qd2 O-O 10. O-O-O Nbd7 11. g4 b5 12. g5 Nh5 13. Nd5 Bxd5 14. exd5 Rc8 15.
Na5 Nc5 16. Bh3 Rc7 17. Bg4 Nf4 18. Bxf4 exf4 19. Nc6 Qa8 20. Qxf4 Rxc6 21. dxc6
Qxc6 22. h4 Na4 23. Rhe1 Re8 24. h5 Qc5 0-1

[Event "Challenge"]
[Site "http://www.queenalice.com/game.php?id=708650"]
[Date "2010.1.5"]
[Round "-"]
[White "m"]
[Black "mbake5"]
[Result "1-0"]
[WhiteElo "1904"]
[BlackElo "2679"]

1. e4 c5 2. Nf3 d6 3. d4 cxd4 4. Nxd4 Nf6 5. Nc3 a6 6. Be3 e5 7. Nb3 Be6 8. f3
h5 9. Nd5 Nxd5 10. exd5 Bf5 11. Bd3 Bxd3 12. Qxd3 Nd7 13. c4 Be7 14. O-O O-O 15.
Nd2 f5 16. Bf2 Bh4 17. g3 Bg5 18. Rad1 Rc8 19. b3 h4 20. a4 hxg3 21. hxg3 e4 22.
Qc3 Bxd2 23. Rxd2 Ne5 24. fxe4 1-0

[Event "Challenge"]
[Site "http://www.queenalice.com/game.php?id=708651"]
[Date "2010.1.5"]
[Round "-"]
[White "mbake5"]
[Black "m"]
[Result "0-1"]
[WhiteElo "2649"]
[BlackElo "1964"]

1. e4 c5 2. Nf3 d6 3. d4 cxd4 4. Nxd4 Nf6 5. Nc3 a6 6. Be3 e5 7. Nb3 Be6 8. f3
Be7 9. Qd2 Nbd7 10. g4 b5 11. a4 b4 12. Nd5 Bxd5 13. exd5 Nb6 14. a5 Nbxd5 15.
g5 Nxe3 16. gxf6 Bxf6 17. Qxe3 O-O 18. Rg1 d5 19. O-O-O d4 20. Qe4 g6 21. Kb1
Bg7 22. h4 f5 23. Qb7 Qd6 24. h5 Rfb8 0-1

[Event "Challenge"]
[Site "http://www.queenalice.com/game.php?id=708798"]
[Date "2010.1.5"]
[Round "-"]
[White "bukbuk"]
[Black "mbake5"]
[Result "0-1"]
[WhiteElo "2187"]
[BlackElo "2766"]

1. e4 c5 2. Nf3 d6 3. Bc4 Nc6 4. d4 cxd4 5. Nxd4 g6 6. O-O Bg7 7. Nxc6 bxc6 8.
Nc3 Qc7 9. Qf3 Nf6 10. Bf4 O-O 11. Rfe1 Nd7 12. Qg3 Rb8 13. Rab1 Rb4 14. Bb3 Nc5
15. e5 d5 16. Bxd5 cxd5 17. Nxd5 Qb7 18. Nxb4 Qxb4 19. a3 Qb5 20. b4 Ne6 21.
Rbc1 Qc4 22. Bg5 Re8 23. c3 Bb7 24. h3 h6 25. Be3 Rd8 26. Qg4 Qc6 27. Bxa7 h5
28. Qf3 Qxf3 29. gxf3 Ng5 30. Kf1 Nxf3 31. Red1 Ra8 32. Bd4 Nxd4 33. cxd4 Rxa3
34. Rc7 Bf3 35. Rb1 Bd5 36. Ke2 Rxh3 37. b5 Be4 38. Rb4 Bh6 39. f4 Bxf4 40. b6
Rh2+ 41. Kf1 Bd3+ 42. Kg1 Rd2 43. d5 Be3+ 44. Kh1 Bf1 45. b7 Bg2+ 46. Kh2 Be4+
47. Kg3 Rg2+ 48. Kh3 Bf4 0-1

[Event "Challenge"]
[Site "http://www.queenalice.com/game.php?id=709611"]
[Date "2010.1.7"]
[Round "-"]
[White "Jerick"]
[Black "mbake5"]
[Result "0-1"]
[WhiteElo "2338"]
[BlackElo "2765"]

1. d4 d5 2. Bf4 Nf6 3. e3 c5 4. Nc3 cxd4 5. exd4 a6 6. Bd3 Nc6 7. Nge2 e6 8. O-O
Be7 9. a3 O-O 10. Qd2 b5 11. Qe3 Bb7 12. Rfe1 Re8 13. Na2 Nh5 14. Qh3 g6 15. Bh6
e5 16. dxe5 Nxe5 17. Nd4 Bc5 18. c3 Nf6 19. Be2 Qb6 20. Rad1 Nc4 21. Bc1 Re4 22.
Nb4 Rae8 23. Nbc2 Bc8 24. Qg3 Bd7 25. Ne3 Bd6 26. Qg5 h6 27. Qxh6 Nxb2 28. Bxb2
Bf4 29. Nxd5 Nxd5 30. Qh4 Be3 31. Qxe4 Rxe4 32. fxe3 Nxe3 33. Rc1 Qd6 0-1

[Event "Challenge"]
[Site "http://www.queenalice.com/game.php?id=710232"]
[Date "2010.1.8"]
[Round "-"]
[White "mowliid12"]
[Black "mbake5"]
[Result "0-1"]
[WhiteElo "1837"]
[BlackElo "2763"]

1. c4 e5 2. Nc3 Nf6 3. g3 Bc5 4. Bg2 Nc6 5. Nf3 d6 6. O-O O-O 7. e3 Bb6 8. d4
Re8 9. dxe5 Nxe5 10. Nxe5 Rxe5 11. Na4 Bg4 12. Qd3 Bf5 13. Qd1 Qc8 14. Nxb6 axb6
15. b3 Bh3 16. Bb2 Bxg2 17. Kxg2 Re6 18. Qd3 Nd7 0-1

[Event "Challenge"]
[Site "http://www.queenalice.com/game.php?id=710233"]
[Date "2010.1.8"]
[Round "-"]
[White "mbake5"]
[Black "mowliid12"]
[Result "1-0"]
[WhiteElo "2764"]
[BlackElo "1831"]

1. e4 e5 2. Nf3 Nc6 3. Bb5 a6 4. Bxc6 dxc6 5. O-O Bg4 6. h3 Bxf3 7. Qxf3 Nf6 8.
d3 h6 9. Nd2 Bd6 10. Nc4 Qe7 11. Qg3 g5 12. Bd2 Nh5 13. Qg4 Nf4 14. Bxf4 gxf4
15. Rad1 h5 16. Qf5 Qe6 17. Qxe6+ fxe6 18. d4 exd4 19. Rxd4 e5 20. Nxd6+ Kd7 21.
Rb4 1-0

[Event "Challenge"]
[Site "http://www.queenalice.com/game.php?id=711542"]
[Date "2010.1.10"]
[Round "-"]
[White "colatina"]
[Black "mbake5"]
[Result "0-1"]
[WhiteElo "1591"]
[BlackElo "2763"]

1. e4 c5 2. Nf3 d6 3. d4 cxd4 4. Qxd4 Nc6 5. Qd1 Nf6 6. Nc3 g6 7. Bf4 Bg7 8. Bb5
O-O 9. Bd3 d5 10. Bb5 d4 11. Bxc6 dxc3 12. Qxd8 Rxd8 13. Bc7 bxc6 14. Bxd8 cxb2
15. Rd1 Nxe4 16. O-O Nc3 17. Rde1 Ba6 18. Ba5 Bxf1 19. Kxf1 b1=Q 20. Rxb1 Nxb1
21. Bb4 Rb8 22. a3 Rb7 23. g3 Bb2 24. Nd4 Bxd4 25. Kg2 c5 0-1

[Event "Challenge"]
[Site "http://www.queenalice.com/game.php?id=711595"]
[Date "2010.1.10"]
[Round "-"]
[White "miah14"]
[Black "mbake5"]
[Result "1-0"]
[WhiteElo "2367"]
[BlackElo "2765"]

1. d4 d5 2. Bf4 Nf6 3. e3 c5 4. Nf3 Nc6 5. dxc5 e6 6. Nc3 Bxc5 7. Bd3 O-O 8. O-O
Re8 9. e4 h6 10. e5 Nd7 11. Re1 a6 12. Rc1 Qb6 13. Bg3 Qxb2 14. Na4 Qa3 15. c4
d4 16. Rb1 Ba7 17. Re2 Rb8 18. Be4 Na5 19. Reb2 Nxc4 20. Rb4 b5 21. R1b3 1-0

[Event "Challenge"]
[Site "http://www.queenalice.com/game.php?id=711596"]
[Date "2010.1.10"]
[Round "-"]
[White "mbake5"]
[Black "miah14"]
[Result "0-1"]
[WhiteElo "2750"]
[BlackElo "2390"]

1. e4 e5 2. Nf3 Nc6 3. Bb5 Nd4 4. Nxd4 exd4 5. O-O Qh4 6. Bc4 Bd6 7. g3 Qh3 8.
Re1 Ne7 9. c3 Nc6 10. e5 Bc5 11. b4 Bb6 12. Re4 O-O 13. b5 Na5 14. Bd3 h6 15.
cxd4 d6 16. exd6 Qd7 17. Ba3 cxd6 18. Nc3 f5 19. Re2 f4 20. Nd5 Qh3 0-1

[Event "Challenge"]
[Site "http://www.queenalice.com/game.php?id=712662"]
[Date "2010.1.12"]
[Round "-"]
[White "Conde7"]
[Black "mbake5"]
[Result "1-0"]
[WhiteElo "2709"]
[BlackElo "2717"]

1. e4 c5 2. Nf3 d6 3. d4 cxd4 4. Nxd4 Nf6 5. Nc3 a6 6. Be2 e5 7. Nb3 Be7 8. O-O
O-O 9. Be3 Be6 10. Qd2 Nbd7 11. a4 Nb6 12. a5 Nc4 13. Bxc4 Bxc4 14. Rfd1 Rc8 15.
Nc1 Be6 16. f3 h6 17. Nd3 d5 18. Nxe5 dxe4 19. Qxd8 Rfxd8 20. Rxd8+ Bxd8 21.
fxe4 Ng4 22. Nxg4 Bxg4 23. h3 Be6 24. Kf2 f5 25. Ra4 Bf6 26. Bd2 fxe4 27. Rxe4
1-0

[Event "Challenge"]
[Site "http://www.queenalice.com/game.php?id=712663"]
[Date "2010.1.12"]
[Round "-"]
[White "mbake5"]
[Black "Conde7"]
[Result "0-1"]
[WhiteElo "2726"]
[BlackElo "2700"]

1. e4 c5 2. Nf3 Nc6 3. d4 cxd4 4. Nxd4 Nf6 5. Nc3 d6 6. Bg5 Bd7 7. Qd2 Rc8 8. f3
a6 9. O-O-O e6 10. Kb1 Be7 11. Be3 h5 12. a3 b5 13. Rg1 Na5 14. g4 hxg4 15. fxg4
Rxc3 16. Qxc3 Nxe4 17. Qe1 Nc4 18. Bg2 Qa8 19. Bc1 d5 20. Bxe4 dxe4 21. h4 Rxh4
22. g5 Rh8 23. Rh1 Rg8 24. Rh4 Nd6 25. Bd2 Qd5 26. Nb3 Nc4 27. Bc3 Qxg5 28. Rxe4
Rh8 29. Qf2 Bd6 30. Qa7 Qe7 31. Na5 Nxa5 32. Bxa5 Bc6 33. Qxa6 Qb7 0-1

[Event "Challenge"]
[Site "http://www.queenalice.com/game.php?id=712665"]
[Date "2010.1.12"]
[Round "-"]
[White "Conde7"]
[Black "mbake5"]
[Result "1/2-1/2"]
[WhiteElo "2706"]
[BlackElo "2764"]

1. e4 c5 2. Nf3 d6 3. d4 cxd4 4. Nxd4 Nf6 5. Nc3 a6 6. Bg5 e6 7. f4 Qb6 8. Qd2
Qxb2 9. Nb3 Qa3 10. Bxf6 gxf6 11. Be2 Nd7 12. O-O Be7 13. Bh5 Rg8 14. f5 Ne5 15.
Qh6 Qb4 16. Qxh7 Rf8 17. Ne2 Qxe4 18. Ned4 Kd8 19. Rfe1 Qh4 20. fxe6 fxe6 21.
Rad1 Rf7 22. Qg8+ Rf8 23. Qh7 Rf7 24. Qg8+ Rf8 25. Qh7 1/2-1/2

[Event "Challenge"]
[Site "http://www.queenalice.com/game.php?id=712666"]
[Date "2010.1.12"]
[Round "-"]
[White "mbake5"]
[Black "Conde7"]
[Result "0-1"]
[WhiteElo "2687"]
[BlackElo "2700"]

1. e4 c5 2. Nf3 Nc6 3. d4 cxd4 4. Nxd4 Nf6 5. Nc3 d6 6. Bg5 e6 7. Qd2 Be7 8.
O-O-O O-O 9. f3 Nxd4 10. Qxd4 a6 11. h4 b5 12. Bxf6 Bxf6 13. Qxd6 Qxd6 14. Rxd6
Bb7 15. Rd3 Be5 16. h5 Bc6 17. Ne2 Rfd8 18. Rxd8+ Rxd8 19. c3 f5 20. exf5 exf5
21. Kc2 Kf7 22. Nc1 Kf6 23. Nb3 Rc8 24. Be2 Bd5 25. Rd1 Bf7 26. g4 g6 27. hxg6
hxg6 28. Rd7 Be6 29. Ra7 Rc6 30. gxf5 gxf5 31. a3 Bf7 0-1

[Event "Challenge"]
[Site "http://www.queenalice.com/game.php?id=714354"]
[Date "2010.1.15"]
[Round "-"]
[White "fbenevides"]
[Black "mbake5"]
[Result "0-1"]
[WhiteElo "1773"]
[BlackElo "2767"]

1. Nf3 d5 2. d4 Nf6 3. Nc3 e6 4. a3 c5 5. e3 Nc6 6. Bb5 Qc7 7. Bxc6+ bxc6 8.
dxc5 Bxc5 9. O-O O-O 10. b4 Bd6 11. h3 Rb8 12. Bb2 a5 13. Na2 Ba6 14. Re1 Ne4
15. Be5 Bxe5 16. Nxe5 Qxe5 17. bxa5 c5 18. f4 Qb2 19. Qc1 Bc4 20. Qxb2 Rxb2 21.
Nc1 Rxc2 22. Rb1 Ra8 23. a4 Nc3 24. Rb6 Rxc1 25. Rxc1 Ne2+ 26. Kf2 Nxc1 27. Rc6
Kf8 28. Kg3 Rxa5 29. Rc8+ Ke7 30. Rc7+ Kf6 31. Kg4 Be2+ 32. Kg3 c4 33. Rb7 Nd3
34. Rb6 c3 35. h4 c2 36. Rc6 Nc5 0-1